2016 Emmy-Nominated Series Quiz Stats

 Plays Quiz Updated Aug 10, 2016

Support Sporcle.
Go Orange.
Score 0/14 Timer 04:00
0 Plays Today
% Correct
Game of Thrones
98.3%
Modern Family
89.8%
House of Cards (US)
88.7%
Downton Abbey
85.2%
Veep
82.8%
Better Call Saul
75%
Black-ish
72.5%
% Correct
Unbreakable Kimmy Schmidt
67.5%
Homeland
65.2%
Mr. Robot
59.4%
Silicon Valley
57.7%
Transparent
50%
The Americans
49.2%
Master of None
44.1%

You're not logged in!

Compare scores with friends on all Sporcle quizzes.
OR
Log In

From the Vault

Were These Movie Characters Real?

by Flick

So it's actually true that Abraham Lincoln fought vampires? Now that's something.
Remove Ads.
Support Sporcle.
Get the best of Sporcle when you Go Orange. This ad-free experience offers more features, more stats, and more fun while also helping to support Sporcle. Thank you for becoming a member.

Show Comments

Extras

Top Quizzes Today


Score Distribution

Your Account Isn't Verified!

In order to create a playlist on Sporcle, you need to verify the email address you used during registration. Go to your Sporcle Settings to finish the process.

Report this User

Report this user for behavior that violates our Community Guidelines.

Details: